1327 1841 1207 1851 1915 1369 1347 1949 1374 1853 1479 1822 1975 1972 1080 1120 1324 1842 1759 1967 1718 1590 1637 1642 1437 1541 1411 1314 1483 1488 1598 1972 1570 1454 1505 1001 1757 1287 1131 1404 1423 1484 1307 1219 1084 1353 1316 1605 1137 1215 1480 1865 1809 1631 1080 1509 1981 1337 1792 1078 1265 1559 1757 1468 1222 1537 1900 1940 1553 1649 1605 1136 1150 1874 1031 1820 1384 1878 1543 1035 1027 1468 1975 1635 1978 1161 1442 1168 1773 1535 1995 1099 1734 1520 1321 1041 1127 1275 1917 BCNSPRNW ULIB Ver.6.0+V

เปลี่ยนเป็นภาษาไทย

Change to English
 แสดงรายละเอียดบรรณานุกรม
  กลับหน้าหลัก

Brief Record : Get Marc (ISO 2709) : E-mail record : QR code < ปิดหน้าต่าง
LEADER : 00000nam 2200000uu 4500
001    13399108996
003     ULIB
008    110318s2551||||th 000 0 tha d
020    9789741670772
060  4 WA108^bส232ร 2551
100 0  สมเกียรติ สุวรรณกูฎ
245 00 โรคร้ายที่ผ่านพ้น/^cสมเกียรติ สุวรรณกูฎ
250    พิมพ์ครั้งที่ 1
260    กรุงเทพฯ:^bเคล็ดไทย,^c2551
300    125 หน้า:^bภาพประกอบ
650  7 ลักษณะอาการของโรค
650  7 หลัก 9 อ
650  7 โรคหัวใจ
650  7 โรคเรื้อรัง
650  7 โรคความดันโลหิตสูง
945    ^p100^l0^i024987
945    ^p100^l0^i024986
995    ทศพร
999 ^a ใช้งานได้ทุกระบบ
รายการนี้ยังไม่มีแท็ก
คุณยังไม่ได้ล็อกอิน คุณสามารถมีกิจกรรมร่วมกับเว็บไซต์ได้ แต่ต้องล็อกอินก่อน ::
  ล็อกอิน

รายการสื่อสารสนเทศ

ลำดับที่ ประเภท เลขเรียก/บาร์โค้ด สถานที่ สถานะ
- ไม่พบข้อมูล -

รายการใกล้เคียง
    ผู้แต่ง [สมเกียรติ สุวรรณกูฎ]

    หัวเรื่อง [ลักษณะอาการของโรค]
    หัวเรื่อง [หลัก 9 อ]
    หัวเรื่อง [โรคหัวใจ]
    หัวเรื่อง [โรคเรื้อรัง]
    หัวเรื่อง [โรคความดันโลหิตสูง]

BibComment


ยังไม่เคยถูกคอมเมนท์

คอมเมนท์ทรัพยากรรายการนี้
  คอมเมนท์: โรคร้ายที่ผ่านพ้น..


 Copyright 2026. Bcnsprnw @Library